It looks like you're offline.
Open Library logo
additional options menu

MARC record from Internet Archive

LEADER: 00895cam a2200289 a 4500
001 2010036318
003 DLC
005 20110526083531.0
008 100824r20102010meu d 000 1 eng
010 $a 2010036318
020 $a9781410432704
020 $a141043270X
040 $aDLC$cDLC$dDLC
043 $an-usc--
050 10 $aPS3602.R745$bS88 2010b
082 00 $a813/.6$222
100 1 $aBrownley, Margaret.
245 12 $aA suitor for Jenny :$ba Rocky Creek romance /$cby Margaret Brownley.
260 $aWaterville, Me. :$bThorndike Press,$c2010.
300 $a482 p. (large print) ;$c23 cm.
490 0 $aThorndike Press large print Christian romance
490 0 $aA Rocky Creek romance ;$vv 2
650 0 $aWomen$vFiction.
651 0 $aMiddle West$xHistory$y19th century$vFiction.
655 7 $aLove stories.$2gsafd
655 7 $aChristian fiction.$2gsafd
650 0 $aLarge type books.